| 000 | 01899cam a2200409 i 4500 | ||
|---|---|---|---|
| 999 |
_c64400 _d64400 |
||
| 001 | 301104 | ||
| 003 | CO-MdFUSB | ||
| 005 | 20190202100247.0 | ||
| 008 | 900928t19881960inu g b 00110 eng | ||
| 010 | _a 88023214 | ||
| 020 |
_a0268015759 (pbk.) : _c$12.95 |
||
| 040 |
_dNNU _dCO-MdFUSB _aCO-MdFUSB _bspa _cCO-MdFUSB _erda |
||
| 041 | _aeng | ||
| 082 | 0 |
_224 _aG 261.55 _bD578p |
|
| 100 | 1 | 0 |
_aDillenberger, John. _eautor |
| 245 | 1 | 0 |
_aProtestant thought and natural science _b: a historical interpretation _c/ John Dillenberger. |
| 264 | 1 |
_aNotre Dame, Indiana : _bUniversity of Notre Dame Press, _c℗1988 |
|
| 264 | 4 | _c©1960 | |
| 300 |
_a310 páginas ; _c20 cm. |
||
| 336 |
_2rdacontent _atexto _btxt |
||
| 337 |
_2rdamedia _asin mediación _bn |
||
| 338 |
_2rdacarrier _avolumen _bnc |
||
| 500 | _aReimprimir: Originalmente publicado: Garden City, N.Y. : Doubleday, 1960. | ||
| 501 | _aIncluye índice (páginas 301- 310) | ||
| 504 | _aBibliografía (páginas 293-300) | ||
| 505 | _aParte I: Capítulos en el análisis histórico -- Copérnico y la reforma en el continente -- La formación de una escolástica protestante -- Las tradiciones divergentes de la ciencia y la teología -- La convergencia de la ciencia y la teología en el siglo XVII Inglaterra -- La defensa apologética de cristianismo -- La desaparición de la revelación -- Direcciones teológicas creativas y nuevos problemas -- El impacto darwiniano -- Parte II: Notas sobre nuevas direcciones -- Dos revoluciones en el pensamiento -- Teología y ciencia | ||
| 650 | 2 |
_aPensamiento religioso _9959 |
|
| 650 | 7 |
_aReligión y ciencia _9259 |
|
| 650 | 7 |
_aIglesias protestantes _9222 |
|
| 650 | 7 |
_aTeología doctrinal _2 _9179 |
|
| 942 | _cBK | ||